Wykonawcy muzyczni na literę B - Statystyki

Ogólne statystyki
  • Ten quiz został rozwiązany 21 razy
  • Średni wynik to 8 z 24
Statystyki odpowiedzi
Lata aktywności Państwo Piosenki Zespół lub artysta % Poprawnych
1999– ...Baby One More Time | Toxic Britney Spears
79%
2019– Bad Guy | What Was I Made For? Billie Eilish
63%
1970–2017 Paranoid | Iron Man Black Sabbath
63%
1984– Livin' on a Prayer | Bad Medicine Bon Jovi
63%
1965–2012 Stayin' Alive | How Deep is Your Love Bee Gees
58%
2010– 24k Magic | Just the Way You Are Bruno Mars
53%
1976– Heart of Glass | One Way or Another Blondie
47%
1973– Born in the U.S.A. | The River Bruce Springsteen
42%
1998– My Humps | Boom Boom Pow Black Eyed Peas
37%
1980– Cuts Like a Knife | Summer of '69 Bryan Adams
37%
1962– Blowin' in the Wind | Like a Rolling Stone Bob Dylan
32%
1962–1970 All You Need is Love | A Hard Day's Night The Beatles
32%
2003– Single Ladies (Put a Ring on It) | Crazy in Love Beyoncé Knowles
26%
1971– Piano Man | She's Always a Woman Billy Joel
21%
1986–2012 Brass Monkey | Sabotage Beastie Boys
16%
1993– Loser | Devil's Haircut Beck
16%
1972– (Don't Fear) The Reaper | Burnin' For You Blue Öyster Cult
16%
1962– California Girls | Good Vibrations The Beach Boys
16%
1982– White Wedding | Dancing with Myself Billy Idol
11%
1965–1981 No Woman, No Cry | One Love Bob Marley and the Wailers
11%
1956 –1959 That'll Be the Day | Peggy Sue Buddy Holly
11%
1984– Walk Like an Egyptian | Eternal Flame The Bangles
11%
1972– Wind Beneath My Wings | The Rose Bette Midler
5%
1979– Love Shack | Rock Lobster The B-52's
5%
Nie znaleziono quizów pasujących do podanych kryteriów
Rozkład punktacji
Procent ludzi z każdym wynikiem
Percentyl według liczby udzielonych odpowiedzi
Twoja historia wyników
Nie rozwiązałeś tego quizu